=LDR 00000nam 2200000 4500 =001 INLIS000000000027334 =005 20140607112537.0 =006 =007 =008 Ind =035 ##$$a 0010-061300000027334 =041 ##$$a Ind =082 ##$$a 808.87 =090 ##$$a 808.87, Asr t =100 ##$$a Asror,Miftahul =245 ##$$a Tobat ala Abu nawas:kisah kisah teladan buat anakku, Miftahul Asror ; Editor, Mas'ud Mubin =260 ##$$a 2005 $b Yogyakarta =300 ##$$a xvi,269 hlm, 21 cm =650 ##$$a Humor-Abu nawas =700 ##$$a Mubin,Mas'ud =850 ##$$a NBPNMAT